000 00952ngm a22003490a 4500
001 PT14900
003 AR-LpoUNG
005 20210202000140.0
007 vd cvaizq
008 191001s2001||||ag |||||||||||||||||spa d
040 _aAR-LpoUNG
_bspa
_cAR-LpoUNG
_eaacr
041 _aspa
044 _aag
082 0 _a306.01 678VI
245 1 0 _aVideo continuo
260 _aBuenos Aires :
_bSOFOVIAL,
_c2001.
300 _aVHS (25 min.) : son., col.
650 4 _aACUERDOS CULTURALES
650 4 _aARTE
650 4 _aCULTURA POPULAR
650 4 _aCULTURA TRADICIONAL
650 4 _aDESARROLLO CULTURAL
650 4 _aDIFUSION DE LA CULTURA
650 4 _aFACTORES CULTURALES
650 4 _aSOCIEDAD
650 4 _aSOFOVIAL
653 _aVIDEOS
710 2 _aSociedad de Fomento del Video Alternativo (Buenos Aires)
710 2 _aUniversidad Nacional de General Sarmiento. Instituto del Conurbano
905 _a14900
942 _cVIDEO
999 _c54202
_d54202